000 006080000a22001570004500
090 _aT Um1p
100 1 _aUmaña Roa, Luis Manuel
245 1 0 _aPerspectiva bíblica sobre la participación del cristiano en la política / Luis Manuel Umaña Roa
260 _aMedellín, Colombia
300 _aPag 105
500 _aTesis (licenciatura)--Seminario bíblico de Colombia
502 _aMonitor: Theo Donner; Jurado: Fernando Mosquera; Jurado: Jaime Ortiz
520 _a- Pautas en el Antiguo Testamento - Pautas en el Nuevo Testamento - Reflexión general de la participación
001 5231
942 _cBK
999 _c35656
_d35656